| 000 | 00384cam a2200145ua 4500 | ||
|---|---|---|---|
| 020 | _a9061919800 | ||
| 082 |
_a631.3 _bDOD/AG |
||
| 245 | _aAgricultural Engineering / Volume - 2 - Agricultural Buidings | ||
| 250 | _a1 / | ||
| 260 |
_aUSA : _bA A Balkema , _c1989. |
||
| 300 | _a804 ; . | ||
| 700 | 1 |
_aDodd, Vincent A . _91550 |
|
| 700 | 1 |
_aGrace , Patrick M . _91551 |
|
| 942 | _cREF | ||
| 999 |
_c7047 _d7047 |
||